000
00291nam a22001337a 4500
008
181219b xxu||||| |||| 00| 0 eng d
020
_a
0070042039
041
_a
eng
080
_a
101
100
_a
24
101
_a
FIL
245
_a
Philosophical Ethics
_c
Beauchamp,T.L
942
_2
udc
_c
BK
999
_c
53486
_d
53486